00508nam a2200121Ia 45000010005000000080041000050820024000461000053000702450178001232600042003019010028003439990015003714272241024s9999 xx 000 0 und d aRD/342.97293/SE474c aRepública Dominicana. Senado de la República 0aConstitución dela República Dominicana. Proclamada el 26 de enero del 2010 por la Asamblea Nacional d la República Dominicana. publicada en la Gaceta oficial No. 10561 bEd. Servicios gráficos segurac2013 a25/8/2016 11:20:40 a.m. c9600d9600